Cities With Over 20,000,000 People - Statistics

General Stats
  • This quiz has been taken 26 times
  • The average score is 14 of 17
Answer Stats
Population Answer % Correct
36.9m Delhi
100%
29.8m Jakarta
100%
41.3m Tokyo
100%
28.1m Mumbai
96%
21.8m Beijing
91%
25.6m Mexico City
91%
22.7m São Paulo
91%
42.3m Shanghai
91%
73.6m Guangzhou
87%
23.2m Cairo
78%
27.1m Manila
78%
22.6m New York City
78%
23.7m Dhaka
74%
25.4m Seoul
74%
21.8m Karachi
70%
21.9m Lagos
70%
22.4m Bangkok
61%
No matching quizzes found
Score Distribution
Percent of People with Each Score
Percentile by Number Answered
Your Score History
You have not taken this quiz